000 00592nam a2200241Ia 4500
003 OSt
005 20221007100906.0
006 a|||||r|||| 00| 0
007 ta
008 221006b |||||||| |||| 00| 0 eng d
024 _a5,388
037 _cTextual
040 _aLCO
_cLCO
_beng
041 _2eng
_aeng
082 _ax:57, K8
100 _aLAL G S
_9702249
245 0 _aForeign trade & foreign exchange
260 _aDelhi
_bH P J Kapoor
_c1968
300 _a296
650 _aFOREIGN TRADE
942 _hx:57, K8
_cTEXL
999 _c1174951
_d1174951